000 00715nam a2200217 a 4500
999 _c1736
_d1736
001 1736
003 BD-JhCC
005 20171023203029.0
008 171023s1986 bg |||| ||a| 000 0 ben d
035 _a(BD-JhCC)1736
040 _aBD-JhCC
_dBD-JhCC
041 _aben
082 _a891.4409
_bKHA 1986
100 _aখান, ফিরোজ
245 _aঅ্যাকাডেমিক শিরঃপীড়া ব্যুরোপ্যাথি ও অন্যান্য /
_cফিরোজ খান,
260 _aঢাকা :
_bমুক্তধারা প্রকাশনী,
_c1986
300 _a90 p. :
_c22 cm.
650 _aBengali Literature
942 _2ddc
_cBK